La cultura della vita. (Record n. 211907)

Dettagli MARC
000 -LEADER
campo di controllo lung. fissa 01100nam a2200217Ia 4500
001 - Numero di controllo
campo di controllo b5259-34934
003 - Identificatore del numero di controllo
campo di controllo IT-MiCISF
005 - Data e orario dell'ultima transazione
campo di controllo 20230306122854.0
008 - Elementi di lunghezza fissa--Informazione generale
campo di controllo lung. fissa 161014s9999||||xx |||||||||||||| ||und||
040 ## - Fonte della catalogazione
Agenzia catalografica originale IT-MiCISF
Agenzia che fa la trascrizione IT-MiCISF
041 ## - Codice di lingua
Codice di lingua del testo/traccia sonora o titolo separato it
100 ## - Accesso principale -- nome di persona
Nome di persona Donati Pierpaolo (a cura di)
9 (RLIN) 59326
245 #0 - Formulazione del titolo
Titolo La cultura della vita.
Complemento del titolo Dalla società tradizionale a quella postmoderna
260 ## - Pubblicazione, distribuzione, ecc. (stampa)
Luogo di pubblicazione, distribuzione, ecc. Milano,
Nome dell'editore, distributore, ecc. Franco Angeli,
Data di pubblicazione, distribuzione, ecc. 1989
300 ## - Descrizione fisica
Estensione pp. 269
500 ## - Nota generale
Nota generale / bioetica, vita, persona, genetica, trapianti, famiglia, sessualità, antropologia, società, comunicazione, teologia, procreazione-artificiale, diritto, diritto-alla-vita /
650 ## - Accesso aggiunto di soggetto--termine topico
Termine topico o nome geografico come accesso bioetica
9 (RLIN) 56169
700 ## - Accesso aggiunto--nome di persona
Nome di persona Poletti U., Donati P., Agazzi E., Lejeune J., De Carli L., Colombo B., Cortesini R., Schooyans M., Nordio S., Ancona L., Pontalti C., Lanternari V., Marini-Bettolo G.B.,
-- Lombardini S., Zamagni S., Bettetini G., Sgreccia E., Bausola A., Gottier G., Tettamanzi D., Casini C., Angelini G., Bompiani A., D'Agostino F., Fumagalli Carulli O., Santosuosso F.
9 (RLIN) 59584
942 ## - Dati aggiuntivi (Koha)
Tipo copia default (Koha) LIBRO
Fonte della classificazione o dello schema di collocazione (segnatura) Dewey Decimal Classification
999 ## - Sys Number locale (Koha)
Koha Dewey Subclass [OBSOLETE] si
Dati di copia
Ritirato (status) Perso (status) Danneggiato (status) Non per il presito Biblioteca proprietaria Biblioteca in cui si trova Data d'acquisizione Totale prestiti Collocazione Data ultima operazione Prezzo in vigore dal Tipo copia default (Koha) Nota pubblica
    Buone Condizioni Not For Loan CISF - Milano CISF - Milano 14/10/2016   b5259-34934 14/10/2016 14/10/2016 LIBRO Data import 15.10.2016 / by Epidotti, Vaglietti
CREDITS: SOCIETA' SAN PAOLO Via A.Severo, 58 - ROMA (RM) & PERIODICI SAN PAOLO SRL Via Giotto, 36 MILANO & CISF Via Giotto, 36 MILANO & EDIZIONI SAN PAOLO SRL,  Piazza Soncino, 5 CINISELLO BALSAMO (MI) -- ITALY